00573 2200217 4500001002100000005001500021035002000036007000300056008004100059020002200100082001000122084001600132100002400148245008600172250001000258260003000268300002000298650001300318990001300331990001100344INLIS00000000000775620260525092231 a0010-0526000007ta260525 | | ind  a978-623-7764-04-5 a796.8 a796.8 REK b0 aReki Siaga Agustina1 aBuku Jago Panahan untuk Pemula :bNasional & Internasional /cReki Siaga Agustina aCet 1 aBogor :bCemerlang,c2022 a78 hlm ;c23 cm 4aolahraga a065.2/23 a065/23